000 01108nam a2200265Ia 4500
003 OSt
005 20220923211408.0
006 a|||||r|||| 00| 0
007 ta
008 220922b |||||||| |||| 00| 0 hin d
020 _a9788190488938 (hbk)
_c255
024 _a285,045
037 _b1136, 26/02/2015, Nayee Kitab
_cTextual
040 _aARTS
_cARTS
_bhin
041 _2hin
_ahin
082 _aY59270aQ4, Q1
100 _aविलक्षण रविदास
245 0 _aअछूत जातियॉं और बौद्ध धर्म
_b ईसा पूर्व छठी सदी से दूसरी सदी तक
246 _aAchhūt jātiyaॉan aur bauddha dharma: īsā pūrva chhaṭhī sadī se dūsarī sadī taka
260 _aदिल्ली
_b अतुल्य पब्लिकेशन्स
_c2011
300 _a256पृ.
_ccm.
650 _aभारतीय-लोक साहित्य
942 _hY59270aQ4, Q1
_cTEXL
_2CC
999 _c299092
_d299092